[Event "21st Bosna it"]
[Site "Sarajevo YUG"]
[Date "1982.03.23"]
[Round "5"]
[White "Arapovic, Vitomir"]
[Black "Cekro, Ekrem"]
[Result "0-1"]
[WhiteElo "2370"]
[BlackElo "2330"]
[EventDate "1982.03.19"]
[PlyCount "86"]

1.g3 c5 2.Bg2 Nc6 3.d3 g6 4.e4 Bg7 5.Nc3 e6 6.Be3 Nd4 7.Qd2 Ne7 8.Nce2 d6 
9.c3 Nxe2 10.Nxe2 e5 11.d4 b6 12.O-O O-O 13.f4 cxd4 14.cxd4 Ba6 15.Rf2 
exf4 16.gxf4 f5 17.e5 d5 18.h4 h5 19.Bf3 Kh7 20.Nc3 Qd7 21.Rg2 Qe6 22.Kh1 
Bh6 23.Rag1 Rg8 24.Qd1 Bc4 25.Bc1 Rac8 26.Qd2 Ba6 27.Rg3 Rgd8 28.Qd1 Bc4 
29.Qd2 Ba6 30.b3 Rd7 31.Ba3 Rdc7 32.Nxd5 Nxd5 33.Rxg6 Qxg6 34.Rxg6 Bxf4 
35.Qg2 Ne3 36.Qg1 Ng4 37.Rd6 Rc2 38.Rd7+ Kh8 39.Bxg4 hxg4 40.e6 Bd3 41.Qe1
Be4+ 42.Kg1 Bh2+ 43.Kf1 Bg2# 0-1

[Event "21st Bosna it"]
[Site "Sarajevo YUG"]
[Date "1982.04.02"]
[Round "13"]
[White "Arapovic, Vitomir"]
[Black "Kovacevic, Vlatko"]
[Result "0-1"]
[WhiteElo "2370"]
[BlackElo "2495"]
[EventDate "1982.03.19"]
[PlyCount "72"]

1.e4 Nf6 2.Nc3 d5 3.e5 Nfd7 4.f4 e6 5.Nf3 c5 6.g3 Nc6 7.d3 Be7 8.h4 h5 9.
Bg2 a6 10.a4 b6 11.Ng5 Nd4 12.Be3 Nf5 13.Bf2 Nb8 14.Ne2 Nc6 15.c4 f6 16.
exf6 gxf6 17.cxd5 exd5 18.Nf3 Be6 19.O-O Qd7 20.Re1 Kf7 21.Nc3 Nb4 22.Bh3 
Ng7 23.Rxe6 Nxe6 24.Ne2 Qc7 25.f5 Ng7 26.Nf4 Bd6 27.Nxd5 Nxd5 28.Qb3 c4 
29.dxc4 Bc5 30.Nd4 Ne7 31.Re1 Rad8 32.Re4 Rhg8 33.Qf3 Bxd4 34.Bxd4 Rxd4 
35.Rxd4 Qc5 36.Qf2 Ngxf5 0-1

[Event "21st Bosna it"]
[Site "Sarajevo YUG"]
[Date "1982.03.28"]
[Round "9"]
[White "Arapovic, Vitomir"]
[Black "Makarichev, Sergei"]
[Result "0-1"]
[WhiteElo "2370"]
[BlackElo "2505"]
[EventDate "1982.03.19"]
[PlyCount "74"]

1.g3 c5 2.Bg2 Nc6 3.d3 g6 4.Nc3 Bg7 5.e4 d6 6.Be3 e5 7.Qd2 Nge7 8.h4 h5 9.
Nh3 Nd4 10.f4 Bg4 11.O-O Qd7 12.Kh2 O-O 13.Nd1 d5 14.c3 Ne6 15.fxe5 dxe4 
16.Ndf2 Bxe5 17.Nxe4 Nf5 18.Nf4 Qe7 19.Kg1 Nxe3 20.Qxe3 Bxf4 21.gxf4 Qxh4 
22.Nxc5 Nxc5 23.Qxc5 Be2 24.Rf2 Bxd3 25.Bxb7 Rae8 26.Qg5 Qh3 27.Rf3 Qd7 
28.Bd5 Be4 29.Bb3 Qc6 30.Rf2 Bf5 31.Rd1 Re3 32.Bd5 Qb6 33.Rd4 Rfe8 34.Rg2 
Re1+ 35.Kh2 R1e2 36.Rd2 Rxd2 37.Rxd2 Qe3 0-1

[Event "21st Bosna it"]
[Site "Sarajevo YUG"]
[Date "1982.03.26"]
[Round "7"]
[White "Arapovic, Vitomir"]
[Black "Popovic, Petar"]
[Result "0-1"]
[WhiteElo "2370"]
[BlackElo "2495"]
[EventDate "1982.03.19"]
[PlyCount "70"]

1.e4 c5 2.Nc3 Nc6 3.g3 g6 4.Bg2 Bg7 5.d3 e6 6.Be3 d6 7.Qd2 Rb8 8.f4 Nge7 
9.Nf3 Nd4 10.O-O O-O 11.Nd1 b6 12.g4 f5 13.gxf5 Nxf3+ 14.Bxf3 exf5 15.Rb1 
Be6 16.Nc3 d5 17.exd5 Nxd5 18.Bf2 Qd7 19.Nxd5 Bxd5 20.Bxd5+ Qxd5 21.b3 
Rfe8 22.Rbe1 Kf7 23.c3 Rbd8 24.Rxe8 Rxe8 25.Re1 Rd8 26.Re3 Bf6 27.Qe1 h6 
28.Rh3 Re8 29.Re3 Rxe3 30.Bxe3 Qxd3 31.Bd2 c4 32.Qc1 Qd5 33.bxc4 Qxc4 34.
Qa3 a6 35.Qd6 Be7 0-1

[Event "21st Bosna it"]
[Site "Sarajevo YUG"]
[Date "1982.03.31"]
[Round "11"]
[White "Arapovic, Vitomir"]
[Black "Uhlmann, Wolfgang"]
[Result "0-1"]
[WhiteElo "2370"]
[BlackElo "2515"]
[EventDate "1982.03.19"]
[PlyCount "46"]

1.g3 g6 2.Bg2 Bg7 3.d3 Nf6 4.e4 d5 5.e5 Ng4 6.f4 c5 7.Nf3 Nc6 8.Nc3 O-O 9.
O-O f6 10.h3 Nh6 11.exf6 exf6 12.Nh4 Be6 13.f5 Nxf5 14.Nxf5 Bxf5 15.Bxd5+ 
Kh8 16.g4 Bd7 17.Bg2 f5 18.g5 Be6 19.h4 Qd4+ 20.Rf2 Qxh4 21.Ne2 f4 22.c3 
Bg4 23.Qf1 f3 0-1

[Event "21st Bosna it"]
[Site "Sarajevo YUG"]
[Date "1982.04.05"]
[Round "15"]
[White "Beliavsky, Alexander"]
[Black "Kurajica, Bojan"]
[Result "1-0"]
[WhiteElo "2615"]
[BlackElo "2510"]
[EventDate "1982.03.19"]
[PlyCount "61"]

1.e4 c5 2.Nf3 e6 3.d4 cxd4 4.Nxd4 a6 5.Bd3 Nc6 6.Nxc6 bxc6 7.O-O d5 8.c4 
Nf6 9.cxd5 cxd5 10.exd5 Nxd5 11.Be4 Ra7 12.Qd4 Rd7 13.Nc3 Nxc3 14.Qxc3 Rc7
15.Qg3 Rc4 16.Bg5 f6 17.Rad1 Rd4 18.Qg4 Ke7 19.Be3 Rxd1 20.Rxd1 Qa5 21.b4 
Qa4 22.Bc5+ Kf7 23.Rd8 f5 24.Qf3 Bxc5 25.Rxh8 Qxb4 26.g4 Qe1+ 27.Kg2 Bd7 
28.gxf5 e5 29.f6 gxf6 30.Rxh7+ Ke8 31.Bf5 1-0

[Event "21st Bosna it"]
[Site "Sarajevo YUG"]
[Date "1982.03.21"]
[Round "3"]
[White "Bistric, Faruk"]
[Black "Arapovic, Vitomir"]
[Result "0-1"]
[WhiteElo "2400"]
[BlackElo "2370"]
[EventDate "1982.03.19"]
[PlyCount "140"]

1.Nf3 g6 2.e4 Bg7 3.d4 d6 4.c3 Nf6 5.Nbd2 O-O 6.a4 Nc6 7.Qc2 e5 8.dxe5 
Nxe5 9.Nxe5 dxe5 10.Nc4 Nh5 11.Be2 Nf4 12.Bxf4 exf4 13.O-O Be6 14.Rfd1 Qg5
15.Nd2 Bh3 16.Bf3 Rad8 17.Kh1 Bc8 18.Nb3 Qh4 19.Kg1 h5 20.Rxd8 Rxd8 21.Rd1
Re8 22.Qd3 Qe7 23.a5 Qe5 24.Qc4 c6 25.h3 Bf8 26.Qa4 a6 27.Nc1 Qg5 28.Kh2 
Qh4 29.Nd3 g5 30.e5 Bh6 31.Be2 Bf5 32.Bf1 Bxd3 33.Bxd3 Qxf2 34.Qe4 Bg7 35.
Qh7+ Kf8 36.Qxh5 Qg3+ 37.Kh1 Rxe5 38.Bc4 Re1+ 39.Rxe1 Qxe1+ 40.Kh2 Qe7 41.
Qg4 Be5 42.Kh1 Bc7 43.Qd1 Bxa5 44.Qh5 Ke8 45.h4 Qe1+ 46.Kh2 Qg3+ 47.Kh1 
Qxh4+ 48.Qxh4 gxh4 49.Kh2 f3 50.gxf3 Bc7+ 51.Kh3 Bg3 52.Kg4 Ke7 53.f4 b5 
54.Bf1 a5 55.c4 b4 56.b3 Kd6 57.Bg2 Kc5 58.Be4 Be1 59.Kf3 Bc3 60.Ke3 Bf6 
61.Bg2 Bd8 62.Kd3 Bc7 63.f5 f6 64.Bf1 Kd6 65.Kd4 c5+ 66.Ke4 a4 67.bxa4 b3 
68.Kf4 h3 69.Kg3 Ke5 70.Kxh3 Kd4 0-1

[Event "21st Bosna it"]
[Site "Sarajevo YUG"]
[Date "1982.03.28"]
[Round "9"]
[White "Bistric, Faruk"]
[Black "Kelecevic, Nedeljko"]
[Result "1/2-1/2"]
[WhiteElo "2400"]
[BlackElo "2390"]
[EventDate "1982.03.19"]
[PlyCount "114"]

1.e4 e6 2.d4 d5 3.Nd2 c5 4.Ngf3 Nc6 5.exd5 Qxd5 6.Bc4 Qd7 7.Qe2 cxd4 8.Nb3
Bb4+ 9.Bd2 Bxd2+ 10.Qxd2 Nf6 11.O-O-O O-O 12.Qf4 Qe7 13.Nbxd4 Nxd4 14.Rxd4
a6 15.Ne5 Qc7 16.Re1 b5 17.Bd3 Bb7 18.Re3 Rfd8 19.Rg3 Nh5 20.Bxh7+ Kxh7 
21.Rh3 Rxd4 22.Rxh5+ Kg8 23.Qxd4 f6 24.Ng6 e5 25.Qg4 Qc4 26.Qxc4+ bxc4 27.
Rh8+ Kf7 28.Rxa8 Bxa8 29.Nh4 c3 30.bxc3 Bd5 31.a3 Ke6 32.Kd2 f5 33.c4 Bxc4
34.Nf3 Bd5 35.Kc3 f4 36.Ne1 Kf5 37.f3 g5 38.h3 a5 39.Kd3 Ke6 40.Kc3 Kf5 
41.Kd3 Ke6 42.c4 Bc6 43.Kc3 Kf5 44.Kd2 Ba8 45.Ke2 Bb7 46.Kd3 Bc6 47.Kc3 
Be8 48.Nd3 e4 49.Ne1 e3 50.Kd4 Ke6 51.g3 fxg3 52.Kxe3 Kd6 53.f4 gxf4+ 54.
Kxf4 Kc5 55.Kxg3 Kxc4 56.Kf4 Kb3 57.Ke4 Kxa3 1/2-1/2

[Event "21st Bosna it"]
[Site "Sarajevo YUG"]
[Date "1982.03.26"]
[Round "7"]
[White "Bistric, Faruk"]
[Black "Sax, Gyula"]
[Result "0-1"]
[WhiteElo "2400"]
[BlackElo "2550"]
[EventDate "1982.03.19"]
[PlyCount "64"]

1.e4 c5 2.Ne2 e6 3.Nbc3 a6 4.g3 b5 5.Bg2 Bb7 6.d4 cxd4 7.Nxd4 b4 8.Na4 Nf6
9.Bg5 Be7 10.O-O Qa5 11.Bxf6 Bxf6 12.Nb3 Qxa4 13.Nc5 Qc6 14.Nxb7 Be5 15.
Nd6+ Qxd6 16.Qxd6 Bxd6 17.e5 Bxe5 18.Bxa8 Bxb2 19.Rab1 Bc3 20.a3 a5 21.
axb4 axb4 22.Be4 d5 23.Bd3 Ke7 24.f4 Nc6 25.Kg2 f6 26.Rf2 Nd4 27.g4 e5 28.
fxe5 fxe5 29.Rbf1 Kd6 30.Rf7 e4 31.Ba6 Nxc2 32.Kh3 Rb8 0-1

[Event "21st Bosna it"]
[Site "Sarajevo YUG"]
[Date "1982.03.22"]
[Round "4"]
[White "Cekro, Ekrem"]
[Black "Bistric, Faruk"]
[Result "1/2-1/2"]
[WhiteElo "2330"]
[BlackElo "2400"]
[EventDate "1982.03.19"]
[PlyCount "115"]

1.c4 c5 2.g3 Nf6 3.Bg2 e6 4.Nf3 Be7 5.O-O O-O 6.Nc3 Nc6 7.d4 cxd4 8.Nxd4 
a6 9.b3 Qa5 10.Bb2 Rb8 11.a3 Rd8 12.b4 Qc7 13.Rc1 Nxd4 14.Qxd4 b6 15.Rfd1 
Bb7 16.Nb5 Qc8 17.Na7 Qc7 18.Nb5 Qc8 19.Nd6 Bxd6 20.Qxd6 Ne8 21.Qf4 Bxg2 
22.Kxg2 d6 23.Qe3 Qc7 24.f3 Qc6 25.Qb3 Nc7 26.a4 Qb7 27.Rd3 Rbc8 28.Rcd1 
Ne8 29.b5 a5 30.Bd4 Rc7 31.e4 Rdc8 32.Rc3 Kf8 33.Rdc1 Nf6 34.Qd1 Nd7 35.
Bf2 Ke7 36.Qd4 e5 37.Qd2 Nc5 38.Rd1 Rd7 39.Qg5+ Kf8 40.Ra3 h6 41.Qd2 Ke7 
42.Qc2 Rdd8 43.Rd5 Qc7 44.Ra1 Qd7 45.Rad1 Qe6 46.R1d2 Rd7 47.Qd1 Rcd8 48.
Re2 Re8 49.Qa1 Rdd8 50.Rc2 Rf8 51.Rc3 Rfe8 52.Qd1 f6 53.Rc1 Nd7 54.Qd3 Nc5
55.Qa3 Rd7 56.Rcd1 Qf7 57.Qa2 Qe6 58.Qc2 1/2-1/2

[Event "21st Bosna it"]
[Site "Sarajevo YUG"]
[Date "1982.03.20"]
[Round "2"]
[White "Cekro, Ekrem"]
[Black "Dizdarevic, Emir"]
[Result "1/2-1/2"]
[WhiteElo "2330"]
[BlackElo "2415"]
[EventDate "1982.03.19"]
[PlyCount "35"]

1.c4 c5 2.g3 Nf6 3.Bg2 e6 4.Nc3 d5 5.Qb3 dxc4 6.Qxc4 Nbd7 7.Nf3 a6 8.Qb3 
Rb8 9.d3 Bd6 10.Nd2 b6 11.O-O O-O 12.Nc4 Bc7 13.a4 Ne5 14.Rd1 b5 15.Nxe5 
Bxe5 16.axb5 axb5 17.Be3 Qb6 18.h3 1/2-1/2

[Event "21st Bosna it"]
[Site "Sarajevo YUG"]
[Date "1982.03.28"]
[Round "9"]
[White "Cekro, Ekrem"]
[Black "Sax, Gyula"]
[Result "1-0"]
[WhiteElo "2330"]
[BlackElo "2550"]
[EventDate "1982.03.19"]
[PlyCount "85"]

1.c4 e5 2.g3 Nc6 3.Bg2 g6 4.e3 Bg7 5.Ne2 d6 6.Nbc3 h5 7.h4 Bg4 8.a3 Nf6 9.
Qc2 Qd7 10.d3 O-O 11.b3 Rab8 12.Bb2 a6 13.Rd1 b5 14.b4 Ne7 15.cxb5 axb5 
16.d4 exd4 17.Rxd4 Nc6 18.Rf4 Ne5 19.O-O Bh3 20.Rc1 Bxg2 21.Kxg2 Nc4 22.
Ba1 Ng4 23.Qd3 Nge5 24.Qd1 c6 25.a4 bxa4 26.Nxa4 d5 27.Nc5 Qe7 28.Bc3 Bh6 
29.Qd4 f6 30.e4 Rbd8 31.Re1 Na3 32.Qd1 Kh7 33.exd5 Bxf4 34.Nxf4 Nb5 35.
Bxe5 fxe5 36.Nfe6 Rxd5 37.Nxf8+ Qxf8 38.Qe2 Nd6 39.Ne6 Qe7 40.Ng5+ Kg7 41.
Rc1 Rb5 42.Rxc6 Rxb4 43.Rc7 1-0

[Event "21st Bosna it"]
[Site "Sarajevo YUG"]
[Date "1982.03.19"]
[Round "1"]
[White "Dizdarevic, Emir"]
[Black "Arapovic, Vitomir"]
[Result "1/2-1/2"]
[WhiteElo "2415"]
[BlackElo "2370"]
[EventDate "1982.03.19"]
[PlyCount "29"]

1.e4 e6 2.d4 d5 3.Nd2 c5 4.exd5 exd5 5.Ngf3 Nc6 6.Bb5 Bd6 7.O-O cxd4 8.
Nxd4 Ne7 9.c4 O-O 10.Bxc6 Nxc6 11.Nxc6 bxc6 12.cxd5 cxd5 13.Nb3 Re8 14.Be3
Ba6 15.Re1 1/2-1/2

[Event "21st Bosna it"]
[Site "Sarajevo YUG"]
[Date "1982.03.26"]
[Round "7"]
[White "Dizdarevic, Emir"]
[Black "Kelecevic, Nedeljko"]
[Result "1/2-1/2"]
[WhiteElo "2415"]
[BlackElo "2390"]
[EventDate "1982.03.19"]
[PlyCount "45"]

1.e4 c6 2.d4 d5 3.Nc3 dxe4 4.Nxe4 Bf5 5.Ng3 Bg6 6.Nf3 Nd7 7.Be2 e6 8.O-O 
Ngf6 9.c4 Be7 10.b3 O-O 11.Nh4 Qc7 12.Bb2 Rfd8 13.Nxg6 hxg6 14.Qc2 e5 15.
Rad1 exd4 16.Bxd4 Bc5 17.Bc3 Bd6 18.b4 c5 19.b5 Be5 20.Bf3 Bxc3 21.Qxc3 
Nf8 22.Ne4 Nxe4 23.Bxe4 1/2-1/2

[Event "21st Bosna it"]
[Site "Sarajevo YUG"]
[Date "1982.04.02"]
[Round "13"]
[White "Dizdarevic, Emir"]
[Black "Kurajica, Bojan"]
[Result "0-1"]
[WhiteElo "2415"]
[BlackElo "2510"]
[EventDate "1982.03.19"]
[PlyCount "82"]

1.c4 e5 2.Nc3 Nc6 3.e3 f5 4.d4 d6 5.b3 g6 6.dxe5 Bg7 7.Bb2 dxe5 8.Qxd8+ 
Nxd8 9.O-O-O c6 10.f4 Nf6 11.Be2 O-O 12.fxe5 Nd7 13.Nh3 Nxe5 14.Nf4 Re8 
15.Na4 Ne6 16.Bd4 b6 17.Rhe1 Ng5 18.c5 b5 19.Nb2 Ne4 20.Kc2 a5 21.Bf3 Bf8 
22.Nbd3 Nxd3 23.Nxd3 Be6 24.Rf1 b4 25.Ra1 Bd5 26.a3 bxa3 27.Rxa3 Rab8 28.
Bxe4 Bxe4 29.Rxa5 Bxg2 30.Rd1 Bf3 31.Rd2 Rb7 32.Kc3 Bg7 33.Rda2 Rxe3 34.
Ra8+ Kf7 35.R2a7 Ree7 36.Rxb7 Rxb7 37.Bxg7 Kxg7 38.Rc8 Kf6 39.Nb4 Rb5 40.
Na6 Ra5 41.Ra8 Be2 0-1

[Event "21st Bosna it"]
[Site "Sarajevo YUG"]
[Date "1982.03.31"]
[Round "11"]
[White "Dizdarevic, Emir"]
[Black "Marjanovic, Slavoljub"]
[Result "1/2-1/2"]
[WhiteElo "2415"]
[BlackElo "2515"]
[EventDate "1982.03.19"]
[PlyCount "83"]

1.c4 g6 2.Nf3 Bg7 3.d4 Nf6 4.g3 O-O 5.Bg2 d6 6.O-O Nc6 7.b3 e5 8.Bb2 Re8 
9.dxe5 Nd7 10.Nc3 dxe5 11.Nd5 a5 12.a3 Nc5 13.b4 Ne6 14.Nd2 f5 15.e3 e4 
16.Bxg7 Nxg7 17.Nb3 axb4 18.axb4 Rxa1 19.Qxa1 Ne5 20.Qd4 c6 21.Nb6 Qf6 22.
Na5 Rd8 23.Qa1 Qe7 24.c5 Nd3 25.Qc3 Be6 26.Rd1 Ne8 27.Bf1 Ne5 28.Rxd8 Nf3+
29.Kg2 Qxd8 30.Be2 Qg5 31.Nxb7 Qh5 32.h4 Nxh4+ 33.gxh4 Qxe2 34.Qe5 Qf3+ 
35.Kg1 Qg4+ 36.Kf1 Bf7 37.Nd6 Qd1+ 38.Kg2 Qf3+ 39.Kg1 Qg4+ 40.Kf1 Qd1+ 41.
Kg2 Qf3+ 42.Kf1 1/2-1/2

[Event "21st Bosna it"]
[Site "Sarajevo YUG"]
[Date "1982.03.29"]
[Round "10"]
[White "Kelecevic, Nedeljko"]
[Black "Arapovic, Vitomir"]
[Result "1/2-1/2"]
[WhiteElo "2390"]
[BlackElo "2370"]
[EventDate "1982.03.19"]
[PlyCount "72"]

1.d4 d5 2.Nf3 Bg4 3.Ne5 Bf5 4.c4 c6 5.Nc3 e6 6.Qb3 Qb6 7.c5 Qxb3 8.axb3 f6
9.Nf3 Nd7 10.b4 e5 11.e3 Be7 12.b5 Bd8 13.b4 Ne7 14.bxc6 bxc6 15.b5 exd4 
16.exd4 cxb5 17.Bxb5 Kf7 18.Bf4 Nf8 19.Ba6 Ne6 20.Bd6 Nc7 21.Be2 Re8 22.
O-O a5 23.Rfe1 Bd7 24.Bd1 Bc6 25.Bb3 Rb8 26.Reb1 Ra8 27.h4 h5 28.Nd2 Kg6 
29.Nf1 Ne6 30.Bxe7 Rxe7 31.Nxd5 Rb7 32.Bc2+ Kh6 33.Rxb7 Bxb7 34.Nb6 Bxb6 
35.cxb6 Nxd4 36.Bd1 Ra6 1/2-1/2

[Event "21st Bosna it"]
[Site "Sarajevo YUG"]
[Date "1982.03.22"]
[Round "4"]
[White "Kelecevic, Nedeljko"]
[Black "Kovacevic, Vlatko"]
[Result "0-1"]
[WhiteElo "2390"]
[BlackElo "2495"]
[EventDate "1982.03.19"]
[PlyCount "56"]

1.d4 d5 2.c4 e6 3.Nf3 Nf6 4.cxd5 exd5 5.Bg5 Nbd7 6.Nc3 Bb4 7.Qa4 c5 8.a3 
Bxc3+ 9.bxc3 O-O 10.Nd2 Qc7 11.Qb3 Qa5 12.Bxf6 Nxf6 13.dxc5 Qxc5 14.Qb4 
Qc7 15.e3 Bg4 16.Be2 Bxe2 17.Kxe2 Rac8 18.Rac1 Rfe8 19.h3 Re6 20.g4 b6 21.
Rhd1 h6 22.Rg1 Ne4 23.Nxe4 Rxe4 24.Qb5 Qe5 25.Rcd1 Rxc3 26.Qxd5 Rexe3+ 27.
fxe3 Rxe3+ 28.Kf1 Qf4+ 0-1

[Event "21st Bosna it"]
[Site "Sarajevo YUG"]
[Date "1982.03.19"]
[Round "1"]
[White "Kelecevic, Nedeljko"]
[Black "Kurajica, Bojan"]
[Result "1/2-1/2"]
[WhiteElo "2390"]
[BlackElo "2510"]
[EventDate "1982.03.19"]
[PlyCount "25"]

1.Nf3 Nf6 2.c4 e6 3.d4 d5 4.Nc3 Be7 5.Bg5 h6 6.Bh4 O-O 7.e3 b6 8.Rc1 Bb7 
9.cxd5 Nxd5 10.Bxe7 Qxe7 11.Nxd5 Bxd5 12.a3 Rc8 13.Be2 1/2-1/2

[Event "21st Bosna it"]
[Site "Sarajevo YUG"]
[Date "1982.04.03"]
[Round "14"]
[White "Kelecevic, Nedeljko"]
[Black "Sax, Gyula"]
[Result "1/2-1/2"]
[WhiteElo "2390"]
[BlackElo "2550"]
[EventDate "1982.03.19"]
[PlyCount "46"]

1.d4 Nf6 2.c4 c5 3.d5 e6 4.Nc3 exd5 5.cxd5 d6 6.e4 g6 7.Nf3 Bg7 8.Be2 O-O 
9.Nd2 Re8 10.O-O Nbd7 11.f4 c4 12.Kh1 Nc5 13.e5 dxe5 14.fxe5 Rxe5 15.Nxc4 
Rf5 16.Bf3 b6 17.Ne3 Re5 18.b4 Nce4 19.Nxe4 Nxe4 20.Bb2 Qh4 21.Qe1 Ng3+ 
22.Qxg3 Qxg3 23.hxg3 Rxe3 1/2-1/2

[Event "21st Bosna it"]
[Site "Sarajevo YUG"]
[Date "1982.03.20"]
[Round "2"]
[White "Kelecevic, Nedeljko"]
[Black "Uhlmann, Wolfgang"]
[Result "1-0"]
[WhiteElo "2390"]
[BlackElo "2515"]
[EventDate "1982.03.19"]
[PlyCount "109"]

1.d4 Nf6 2.c4 g6 3.Nc3 Bg7 4.e4 d6 5.Be2 O-O 6.Bg5 h6 7.Be3 e5 8.d5 c6 9.
f3 a6 10.g4 cxd5 11.cxd5 Nbd7 12.h4 h5 13.Nh3 b5 14.Nf2 Nh7 15.gxh5 gxh5 
16.Qd2 Kh8 17.Bd3 Nc5 18.Bc2 Bd7 19.O-O-O Rc8 20.Kb1 Rg8 21.Ne2 Bf6 22.f4 
Qc7 23.f5 Rg2 24.Ng1 Rcg8 25.Nf3 R8g4 26.Ng5 Bxg5 27.hxg5 Nxe4 28.Bxe4 
Rxe4 29.f6 Qd8 30.Rxh5 Bf5 31.Ka1 Rc4 32.Rc1 Rxc1+ 33.Qxc1 Qc8 34.Rxh7+ 
Kxh7 35.Qh1+ Bh3 36.Nxh3 Rg3 37.Nf4+ Kg8 38.g6 fxg6 39.f7+ Kxf7 40.Qh7+ 
Kf6 41.Qh4+ Kf7 42.Qxg3 Qc2 43.Qg1 exf4 44.Bxf4 Qc4 45.Bxd6 Qxd5 46.Bg3 g5
47.a3 a5 48.Qe1 a4 49.Kb1 Kg6 50.Qe2 Kf5 51.Kc1 Qb7 52.Be1 Kg6 53.Qe6+ Kh5
54.Qf5 Qc6+ 55.Kd1 1-0

[Event "21st Bosna it"]
[Site "Sarajevo YUG"]
[Date "1982.04.01"]
[Round "12"]
[White "Kovacevic, Vlatko"]
[Black "Bistric, Faruk"]
[Result "1-0"]
[WhiteElo "2495"]
[BlackElo "2400"]
[EventDate "1982.03.19"]
[PlyCount "123"]

1.d4 Nf6 2.Nf3 d6 3.Bg5 c6 4.Nbd2 Nbd7 5.e4 Qc7 6.Bc4 Nxe4 7.Nxe4 d5 8.Bd3
dxe4 9.Bxe4 Nf6 10.Bd3 Bg4 11.h3 Bh5 12.Qe2 Nd5 13.g4 Bg6 14.Bxg6 hxg6 15.
O-O-O e6 16.c4 Nf6 17.Ne5 Bd6 18.f4 Nh7 19.Bh4 Nf8 20.Qf2 Qa5 21.Kb1 f6 
22.Nd3 O-O-O 23.Bg3 Nd7 24.c5 Bb8 25.Rc1 Rhe8 26.Rhe1 Nf8 27.Rc4 Rd7 28.h4
Red8 29.Qe3 Rd5 30.Nb4 R5d7 31.Rd1 Qc7 32.Rg1 Qa5 33.a3 Re8 34.Na2 Qd8 35.
Nc3 Qe7 36.Re1 Qf7 37.Rb4 Red8 38.Re2 Re7 39.Rd2 Red7 40.Rd3 Bc7 41.Qf2 f5
42.g5 Ba5 43.Ra4 Bxc3 44.Rxc3 e5 45.fxe5 Ne6 46.Rcc4 f4 47.Bh2 Kb8 48.Qd2 
Qf5+ 49.Ka2 a6 50.Bg1 Qxe5 51.Qb4 Qe2 52.Rxa6 Rc7 53.Qb3 f3 54.Rca4 Kc8 
55.Ra8+ Kd7 56.d5 cxd5 57.Qxd5+ Ke8 58.Rxd8+ Nxd8 59.Re4+ Re7 60.Qg8+ Kd7 
61.Rd4+ Kc6 62.Qd5+ 1-0

[Event "21st Bosna it"]
[Site "Sarajevo YUG"]
[Date "1982.04.03"]
[Round "14"]
[White "Kovacevic, Vlatko"]
[Black "Cekro, Ekrem"]
[Result "1-0"]
[WhiteElo "2495"]
[BlackElo "2330"]
[EventDate "1982.03.19"]
[PlyCount "51"]

1.d4 g6 2.Nf3 Bg7 3.c3 Nf6 4.Bg5 d6 5.Nbd2 h6 6.Bh4 Nc6 7.e4 O-O 8.Bb5 Nh5
9.O-O Nf4 10.h3 g5 11.Bg3 Ng6 12.Re1 e5 13.Nf1 Nce7 14.dxe5 dxe5 15.Ne3 
Be6 16.Bc4 Qxd1 17.Raxd1 Rfd8 18.Bxe6 fxe6 19.h4 gxh4 20.Bxh4 Kf7 21.a4 
Nxh4 22.Nxh4 Nc6 23.Kf1 Bf8 24.Nf3 a5 25.Ke2 Bc5 26.Ng4 1-0

[Event "21st Bosna it"]
[Site "Sarajevo YUG"]
[Date "1982.03.29"]
[Round "10"]
[White "Kovacevic, Vlatko"]
[Black "Dizdarevic, Emir"]
[Result "1-0"]
[WhiteElo "2495"]
[BlackElo "2415"]
[EventDate "1982.03.19"]
[PlyCount "79"]

1.d4 Nf6 2.Nf3 e6 3.Bf4 c5 4.e3 d5 5.Nbd2 Nc6 6.c3 Bd6 7.Bg3 Bxg3 8.hxg3 
Qd6 9.Qc2 h6 10.Bb5 Bd7 11.a4 Rc8 12.O-O O-O 13.Bxc6 bxc6 14.Nb3 Ne4 15.
Nfd2 Nxd2 16.Qxd2 c4 17.Nc5 e5 18.Nxd7 Qxd7 19.dxe5 Qf5 20.Qd4 Rb8 21.Ra2 
Rfe8 22.Qxa7 Qxe5 23.a5 Qd6 24.Qd4 Re4 25.Qd2 Qc5 26.a6 Qa7 27.Rfa1 Re7 
28.Ra5 h5 29.R1a4 Rb6 30.Ra2 Rb8 31.R5a4 Rb5 32.Qd1 g6 33.Qf3 f5 34.Qf4 
Kf7 35.Qh6 Qa8 36.a7 Rbb7 37.Ra6 Rbc7 38.R2a5 Red7 39.Rxd5 cxd5 40.Qh7+ 
1-0

[Event "21st Bosna it"]
[Site "Sarajevo YUG"]
[Date "1982.03.26"]
[Round "7"]
[White "Kovacevic, Vlatko"]
[Black "Kurajica, Bojan"]
[Result "1/2-1/2"]
[WhiteElo "2495"]
[BlackElo "2510"]
[EventDate "1982.03.19"]
[PlyCount "34"]

1.d4 d5 2.Nf3 Nf6 3.c4 e6 4.Nc3 Be7 5.Bg5 h6 6.Bh4 O-O 7.e3 b6 8.Rc1 dxc4 
9.Bxc4 Bb7 10.O-O Nbd7 11.Qe2 Ne4 12.Bg3 c5 13.Rfd1 Nxg3 14.hxg3 Bxf3 15.
Qxf3 cxd4 16.exd4 Bg5 17.Rb1 Qe7 1/2-1/2

[Event "21st Bosna it"]
[Site "Sarajevo YUG"]
[Date "1982.03.27"]
[Round "8"]
[White "Kovacevic, Vlatko"]
[Black "Marjanovic, Slavoljub"]
[Result "1-0"]
[WhiteElo "2495"]
[BlackElo "2515"]
[EventDate "1982.03.19"]
[PlyCount "111"]

1.d4 e6 2.Nf3 c5 3.e3 Nf6 4.Bd3 b6 5.O-O Bb7 6.Nbd2 Be7 7.c3 O-O 8.a3 d6 
9.Re1 Qc7 10.e4 Rd8 11.Nf1 c4 12.Bc2 b5 13.h3 Nbd7 14.N3h2 e5 15.d5 a5 16.
Bd2 Nc5 17.Qf3 Rdb8 18.g4 Qd8 19.Ng3 g6 20.Kh1 Ne8 21.Qe3 Ba6 22.Rg1 f6 
23.h4 Bf8 24.g5 fxg5 25.hxg5 Ra7 26.Raf1 Rf7 27.f4 exf4 28.Rxf4 Rxf4 29.
Qxf4 Bc8 30.Be3 Bg7 31.Rf1 Qe7 32.Nf3 Bh3 33.Bxc5 Bxf1 34.Nxf1 Qf7 35.
Qxf7+ Kxf7 36.Bd4 b4 37.axb4 axb4 38.Ne3 bxc3 39.Bxc3 Bxc3 40.bxc3 Rb2 41.
Nd2 Ra2 42.Ndxc4 Ke7 43.Kg2 Nc7 44.e5 Nb5 45.Kf3 dxe5 46.Bb3 Rh2 47.Ba4 
Nxc3 48.d6+ Ke6 49.d7 Ke7 50.Bc6 e4+ 51.Kf4 Ne2+ 52.Ke5 Rh5 53.Nd5+ Kd8 
54.Na5 Rxg5+ 55.Kd6 Rxd5+ 56.Bxd5 1-0

[Event "21st Bosna it"]
[Site "Sarajevo YUG"]
[Date "1982.03.19"]
[Round "1"]
[White "Kovacevic, Vlatko"]
[Black "Popovic, Petar"]
[Result "1-0"]
[WhiteElo "2495"]
[BlackElo "2495"]
[EventDate "1982.03.19"]
[PlyCount "101"]

1.d4 Nf6 2.Nf3 g6 3.Bg5 Bg7 4.Nbd2 O-O 5.e4 d6 6.h3 Nbd7 7.Bc4 e5 8.dxe5 
dxe5 9.O-O Qe7 10.c3 h6 11.Be3 a5 12.Qc2 b6 13.a3 Bb7 14.b4 Rfd8 15.Nh2 
Nf8 16.Ng4 Nxg4 17.hxg4 Nh7 18.f3 Nf6 19.g5 hxg5 20.Bxg5 Bc6 21.Rfd1 Be8 
22.Nf1 Rxd1 23.Rxd1 c6 24.Qd2 b5 25.Bb3 axb4 26.axb4 Qa7+ 27.Kh2 Nh7 28.
Bh4 Bf8 29.Qe1 Be7 30.Bg3 Qc7 31.Ne3 Nf6 32.c4 Nh5 33.cxb5 Bg5 34.bxc6 
Bxc6 35.Bf2 Kg7 36.Qc3 Nf4 37.Rd2 Rc8 38.Rc2 Qd6 39.Rd2 Bb5 40.Qxc8 Qxd2 
41.Qc7 Bd7 42.Qxe5+ Bf6 43.Qxf4 Qxf2 44.e5 Qh4+ 45.Qxh4 Bxh4 46.g3 Be7 47.
Nd5 Bf8 48.Bc4 Be6 49.b5 Bc5 50.Kg2 g5 51.f4 1-0

[Event "21st Bosna it"]
[Site "Sarajevo YUG"]
[Date "1982.03.20"]
[Round "2"]
[White "Kurajica, Bojan"]
[Black "Bistric, Faruk"]
[Result "1-0"]
[WhiteElo "2510"]
[BlackElo "2400"]
[EventDate "1982.03.19"]
[PlyCount "97"]

1.d4 Nf6 2.Nf3 c6 3.c4 d6 4.g3 Nbd7 5.Bg2 e5 6.Nc3 Be7 7.O-O O-O 8.Qc2 Re8
9.Rd1 Bf8 10.b3 a6 11.dxe5 dxe5 12.Bb2 Qc7 13.Nd2 Nc5 14.h3 a5 15.e3 a4 
16.bxa4 Qa5 17.Nb3 Qa6 18.Nxc5 Bxc5 19.Bf1 Be6 20.Nd5 Qa5 21.Bc3 Qd8 22.
Nxf6+ Qxf6 23.a5 h5 24.Qb2 Bf5 25.Bg2 Re7 26.Bb4 Bxb4 27.Qxb4 e4 28.Rd4 
Re5 29.c5 Qe7 30.Rc1 g6 31.a4 Ra7 32.Bf1 Kg7 33.Rd6 Ra8 34.a6 bxa6 35.Rxc6
a5 36.Qd4 Rb8 37.Rb6 Rd8 38.Rd6 Rb8 39.Rd5 f6 40.Rxe5 fxe5 41.Qa1 Rb4 42.
c6 Qc7 43.Qa2 Bc8 44.Bg2 Qd6 45.Qc2 Qd5 46.c7 Kf7 47.Bf1 Kg7 48.Rd1 Qe6 
49.Rd8 1-0

[Event "21st Bosna it"]
[Site "Sarajevo YUG"]
[Date "1982.03.29"]
[Round "10"]
[White "Kurajica, Bojan"]
[Black "Popovic, Petar"]
[Result "1/2-1/2"]
[WhiteElo "2510"]
[BlackElo "2495"]
[EventDate "1982.03.19"]
[PlyCount "29"]

1.e4 e5 2.Nf3 Nf6 3.Nxe5 d6 4.Nf3 Nxe4 5.Qe2 Qe7 6.d3 Nf6 7.Bg5 Qxe2+ 8.
Bxe2 Be7 9.Nc3 c6 10.Ne4 Nbd7 11.O-O d5 12.Nxf6+ Nxf6 13.Rfe1 h6 14.Bh4 
O-O 15.Bf1 1/2-1/2

[Event "21st Bosna it"]
[Site "Sarajevo YUG"]
[Date "1982.04.01"]
[Round "12"]
[White "Kurajica, Bojan"]
[Black "Sax, Gyula"]
[Result "1/2-1/2"]
[WhiteElo "2510"]
[BlackElo "2550"]
[EventDate "1982.03.19"]
[PlyCount "27"]

1.d4 Nf6 2.Nf3 e6 3.c4 b6 4.g3 Bb7 5.Bg2 Be7 6.O-O O-O 7.Nc3 Ne4 8.Nxe4 
Bxe4 9.Ne1 Bxg2 10.Nxg2 d5 11.Qa4 dxc4 12.Qxc4 c5 13.Be3 cxd4 14.Bxd4 
1/2-1/2

[Event "21st Bosna it"]
[Site "Sarajevo YUG"]
[Date "1982.03.29"]
[Round "10"]
[White "Makarichev, Sergei"]
[Black "Cekro, Ekrem"]
[Result "1/2-1/2"]
[WhiteElo "2505"]
[BlackElo "2330"]
[EventDate "1982.03.19"]
[PlyCount "35"]

1.d4 Nf6 2.c4 e6 3.Nf3 b6 4.g3 Bb7 5.Bg2 Be7 6.O-O O-O 7.Nc3 Ne4 8.Bd2 f5 
9.d5 Bf6 10.Rc1 Qe7 11.Ne1 Bxc3 12.Bxc3 d6 13.dxe6 Qxe6 14.Nd3 Nxc3 15.
Rxc3 Bxg2 16.Nf4 Qf7 17.Kxg2 Nd7 18.Qd5 1/2-1/2